000 00375nam a2200145Ia 4500
005 20240807062352.0
008 240806s9999||||xx |||||||||||||| ||eng||
041 _aeng
100 _aGajanan Survey
245 0 _aSwatantrayottar hindi natako ka sanskritik aadhyayan /
_cGajanan Survey
260 _bSahitya Ratnalaya Kanpur
300 _a0
650 _aHindi
942 _cBK
999 _c16861
_d16861